00490cam a22001571 450000100100000000500170001000800410002704000300006808200210009810000220011924500680014126000320020930000330024150400320027465000260030600000109020200929145456.0780127s1968 fr a b 001 0 fre d aDO-SdBNPcTNJdDLCdBNPHU a677.649074bJ37t1 aJarry, Madeleine.13aLa Tapisserie :bdes origines à nos jours /cMadeleine Jarry. a[Paris] :bHachette,c1968. a358, [1] p. :bil. ;c31 cm. aBibliografía: p. 349-354. 4aTapicesxExposiciones